[Event "DEM U18w 2017"]
[Site "Willingen GER"]
[Date "2017.06.10"]
[Round "9"]
[White "Diener, Carolin Valeria"]
[Black "Schiewe, Nadin"]
[Result "1/2-1/2"]
[Termination "normal"]
[Board "13"]
[WhiteElo "1909"]
[BlackElo "1325"]
[PlyCount "69"]
[WhiteFideId "24699063"]
[BlackFideId "16209079"]
[EventCountry "GER"]
[EventRounds "9"]
[EventType "swiss"]
[EventDate "2017.06.03"]

1. e4 d5 2. exd5 Qxd5 3. d4 c6 4. Nf3 Qa5+ 5. Bd2 Qc7 6. c4 Nf6 7. Nc3 Bf5 8.
Be2 e6 9. O-O Bd6 10. h3 O-O 11. Be3 Rd8 12. Nh4 Bg6 13. Nxg6 hxg6 14. Qc2 Nbd7
15. Rad1 a6 16. Bf3 Nf8 17. g3 Rd7 18. Kg2 Rad8 19. Qe2 Be7 20. b3 c5 21. d5 b6
22. h4 Bd6 23. Rh1 Re8 24. Qd2 Nh5 25. Ne4 f5 26. Nxd6 Qxd6 27. Qe2 Nf6 28.
dxe6 Qxe6 29. Qc2 Red8 30. Bd2 Ne4 31. Bg5 Nxg5 32. Bd5 Rxd5 33. cxd5 Qe4+ 34.
Qxe4 Nxe4 35. Rd3 1/2-1/2